Kiện toàn tổ chức cơ sở Hội Thư viện Việt Nam /

Na minha lista:
Detalhes bibliográficos
Autor principal: Phạm Thế Khang.
Formato: Atigo
Idioma:Vietnamese
Assuntos:
Tags: Adicionar Tag
Sem tags, seja o primeiro a adicionar uma tag!
Thư viện lưu trữ: Thư viện Trường Đại học Đà Lạt
LEADER 00743nam a2200253 4500
001 DLU180189089
005 ##20181218
040 # # |a DLU  |b vie 
041 # # |a vie 
044 # # |a vn 
100 # # |a Phạm Thế Khang. 
245 # # |a Kiện toàn tổ chức cơ sở Hội Thư viện Việt Nam /  |c Phạm Thế Khang. 
653 # # |a Hội thư viện 
653 # # |a Kiện toàn tổ chức 
773 # # |t Thư viện Việt Nam  |g Số 2(46), 2014, tr. 28-32 
920 # # |a Phòng Tạp chí -- Trung tâm Thông tin - Thư viện Trường Đại học Đà Lạt 
994 # # |a DLU 
900 # # |a True 
911 # # |a Nguyễn Thị Thu Phương 
925 # # |a G 
926 # # |a A 
927 # # |a BB 
980 # # |a Thư viện Trường Đại học Đà Lạt